The 1975 - Inside Your Mind Lyrics - Statistics

General Stats
  • This quiz has been taken 33 times
  • The average score is 92 of 118
Answer Stats
Answer % Correct
I
100%
in
100%
inside
100%
Inside
100%
mind
100%
you
100%
your
100%
been
94%
I've
94%
the
94%
The
94%
watching
88%
is
81%
my
81%
see
81%
way
81%
where
81%
you're
81%
blood
75%
had
75%
of
75%
Of
75%
on
75%
that
75%
there's
75%
those
75%
to
75%
what's
75%
All
69%
back
69%
dreams
69%
front
69%
head
69%
I'll
69%
Soon
69%
talk
69%
walk
69%
with
69%
and
63%
at
63%
crack
63%
it
63%
just
63%
learning
63%
love
63%
open
63%
wife
63%
are
56%
Dreaming
56%
dreaming
56%
life
56%
me
56%
right
56%
can
50%
getting
50%
have
50%
look
50%
Maybe
50%
only
50%
things
50%
left
44%
option
44%
photographs
44%
show
44%
fast
31%
until
31%
wait
31%
asleep
25%
will
25%
No matching quizzes found
Score Distribution
Percent of People with Each Score
Percentile by Number Answered
Your Score History
You have not taken this quiz